| 000 | 00763nam a2200241Ia 4500 | ||
|---|---|---|---|
| 005 | 20230114135443.0 | ||
| 008 | 131103s9999 xx 000 0 und d | ||
| 020 |
_a817236104 1 _cRs. 600 |
||
| 040 | _aLoreto College | ||
| 041 | _aEnglish | ||
| 082 |
_a954 _bBIS |
||
| 100 | _aBiswas,Arun Kumar | ||
| 245 |
_aFather Eugene Lafont of St. Xavier's College,Kolkata and the Contemporarary Science Movement _cArun Kumar Biswas |
||
| 260 |
_aKolkata _bThe Asiatic Society _c2001 |
||
| 300 |
_axxviii, 331 p. _b Photos |
||
| 440 | _aMonograph Series; No XXXIII | ||
| 504 | _aIncludes index, appendix and bibliographical references | ||
| 630 | _aKolkata - History | ||
| 650 | _aHistory - | ||
| 651 | _aFather Eugene Lafont - | ||
| 850 | _aLCLIB | ||
| 942 | _cBK | ||
| 999 |
_c786 _d51265 |
||